Online
Catalog

¿Cuál es el valor de los ecosistemas protegidos de la República Dominicana? (Record no. 51117)

MARC details
000 -CABECERA
campo de control de longitud fija 01959nam a2200373 a 4500
003 - IDENTIFICADOR DEL NÚMERO DE CONTROL
campo de control DO-SdBNP
005 - FECHA Y HORA DE LA ÚLTIMA TRANSACCIÓN
campo de control 20250407125606.0
007 - CAMPO FIJO DE DESCRIPCIÓN FÍSICA--INFORMACIÓN GENERAL
campo de control de longitud fija ta
008 - DATOS DE LONGITUD FIJA--INFORMACIÓN GENERAL
campo de control de longitud fija 211213e2018 dr db||gr|||| 000 edspa d
020 ## - NÚMERO INTERNACIONAL ESTÁNDAR DEL LIBRO
Número Internacional Estándar del Libro 9789945472974
040 ## - FUENTE DE LA CATALOGACIÓN
Centro catalogador/agencia de origen DO-SdBNP
Lengua de catalogación spa
Centro/agencia transcriptor BNPHU
041 ## - CÓDIGO DE LENGUA
Código de lengua original spa
082 #4 - NÚMERO DE LA CLASIFICACIÓN DECIMAL DEWEY
Número de edición 22
Número de documento/Ítem G633c
100 1# - ENTRADA PRINCIPAL--NOMBRE DE PERSONA
9 (RLIN) 74056
Nombre de persona Gómez Valenzuela, Víctor
245 10 - MENCIÓN DE TÍTULO
Título ¿Cuál es el valor de los ecosistemas protegidos de la República Dominicana?
Resto del título Víctor Gómez Valenzuela, Fancisco Alpízar y Solhanlle Bonilla-Duarte; Editor, Fari Rosario; Prólogo, Domingo Contreras
260 ## - PUBLICACIÓN, DISTRIBUCIÓN, ETC.
Lugar de publicación, distribución, etc. Santo Domingo :
Nombre del editor, distribuidor, etc. Instituto Tecnológico de Santo Domingo,
Fecha de publicación, distribución, etc. 2018
300 ## - DESCRIPCIÓN FÍSICA
Extensión 195 p.:
Otras características físicas gráf. mapas;
Dimensiones 23 cm.
500 ## - NOTA GENERAL
Nota general Incluye bibliografía y notas bibliográficas al pié de páginas.
500 ## - NOTA GENERAL
Nota general Incluye datos biográficos del los autores: p. 193- 195
505 0# - NOTA DE CONTENIDO CON FORMATO
Nota de contenido con formato Siglas y símbolos.
505 0# - NOTA DE CONTENIDO CON FORMATO
Nota de contenido con formato Prólogo.
505 0# - NOTA DE CONTENIDO CON FORMATO
Nota de contenido con formato Resumen ejecutvo.
505 00 - NOTA DE CONTENIDO CON FORMATO
Nota de contenido con formato Summary.
Información miscelánea Capítulo 1.
Título Introducción.--
-- Contexto de la valoración económica.--
Información miscelánea Capítulo 2
Título La República Dominicana.--
Información miscelánea Capítulo 3
Título Valoración económica y servicios ecosistémicos.--
Información miscelánea Capítulo 4
Título El sistema Nacional de áreas Protegidas.--
Información miscelánea Capítulo 5
Título Los ecosistemas del sistema Nacional de áreas protegidas.--
Información miscelánea Capítulo 6
Título Marco metodológico de la valoración.--
Información miscelánea Capítulo 7
Título Valoración de los servicios ecosistémicos.--
Información miscelánea Capítulo 8
Título Conclusiones y recomendaciones.
590 ## - NOTA LOCAL (RLIN)
Nota local Inventariado MF / 2021
650 #4 - PUNTO DE ACCESO ADICIONAL DE MATERIA--TÉRMINO DE MATERIA
Término de materia o nombre geográfico como elemento de entrada Economía Ambiental
Subdivisión geográfica República Dominicana
9 (RLIN) 80851
650 #0 - PUNTO DE ACCESO ADICIONAL DE MATERIA--TÉRMINO DE MATERIA
Término de materia o nombre geográfico como elemento de entrada Reservas forestales
Subdivisión general - Aspectos económicos
Subdivisión geográfica República Dominicana.
9 (RLIN) 7051
650 #0 - PUNTO DE ACCESO ADICIONAL DE MATERIA--TÉRMINO DE MATERIA
Término de materia o nombre geográfico como elemento de entrada Turismo sostenible
Subdivisión general Aspectos económicos
Subdivisión geográfica República Dominicana.
9 (RLIN) 80852
700 1# - PUNTO DE ACCESO ADICIONAL--NOMBRE DE PERSONA
Nombre de persona Alpízar, Fancisco.
9 (RLIN) 80853
700 1# - PUNTO DE ACCESO ADICIONAL--NOMBRE DE PERSONA
9 (RLIN) 76388
Nombre de persona Bonilla, Solhanlle
700 1# - PUNTO DE ACCESO ADICIONAL--NOMBRE DE PERSONA
9 (RLIN) 76028
Nombre de persona Rosario, Fari,
Término indicativo de función/relación editor
700 1# - PUNTO DE ACCESO ADICIONAL--NOMBRE DE PERSONA
9 (RLIN) 64546
Nombre de persona Contreras, Domingo
Término indicativo de función/relación prólogo
910 ## - DATOS DE OPCIÓN DEL USUARIO (OCLC)
Datos de opción del usuario MFéliz
942 ## - ELEMENTOS DE PUNTO DE ACCESO ADICIONAL (KOHA)
Fuente del sistema de clasificación o colocación Dewey Decimal Classification
Tipo de ítem Koha Libro
Holdings
Estado de retiro Estado de pérdida Fuente del sistema de clasificación o colocación Restricciones de uso No para préstamo Código de colección Localización permanente Ubicación/localización actual Ubicación en estantería Fecha de adquisición Fuente de adquisición Total de préstamos Signatura topográfica completa Código de barras Fecha visto por última vez Precio válido a partir de Tipo de ítem Koha Número de copia
    Dewey Decimal Classification Préstamo en sala   Dominicana de Servicio Biblioteca Nacional Pedro Henríquez Ureña Biblioteca Nacional Pedro Henríquez Ureña Depósito 12.03.2019 Depósito legal / Editora Búho   G633c 2021-28559 13.12.2021 13.12.2021 Libros y folletos e.3
    Dewey Decimal Classification Excluido de préstamo   Patrimonio Dominicano Biblioteca Nacional Pedro Henríquez Ureña Patrimonio Dominicano Depósito 12.03.2019 Depósito legal / Editora Búho   G633c 2021-28557 13.12.2021 13.12.2021 Libro y Folleto Colección Patrimonio Dominicano  
    Dewey Decimal Classification Excluido de préstamo   Patrimonio Dominicano Biblioteca Nacional Pedro Henríquez Ureña Patrimonio Dominicano Depósito 12.03.2019 Depósito legal / Editora Búho   G633c 2021-28558 13.12.2021 13.12.2021 Libro y Folleto Colección Patrimonio Dominicano e.2

Powered by Koha